Statistics for All Municipalities of Csongrád-Csanád County, Hungary on a Map

Click here to take the quiz!

General Stats

  • This quiz has been taken 17 times
  • The average score is 32 of 60

Answers on the Map

Answers color-coded by a green-red scale on the quiz's map according to % correct below.
 

Answer Stats

Answer% Correct
Csongrád
100%
Makó
89%
Szeged
89%
Hódmezővásárhely
78%
Csanádpalota
67%
Mindszent
67%
Mórahalom
67%
Sándorfalva
67%
Algyő
56%
Ásotthalom
56%
Balástya
56%
Csanádalberti
56%
Deszk
56%
Eperjes
56%
Fábiánsebestyén
56%
Felgyő
56%
Földeák
56%
Forráskút
56%
Kistelek
56%
Kiszombor
56%
Klárafalva
56%
Kübekháza
56%
Maroslele
56%
Mártély
56%
Nagylak
56%
Óföldeák
56%
Ópusztaszer
56%
Pusztaszer
56%
Röszke
56%
Szatymaz
56%
Szentes
56%
Tiszasziget
56%
Ambrózfalva
44%
Apátfalva
44%
Árpádhalom
44%
Baks
44%
Bordány
44%
Csengele
44%
Derekegyház
44%
Dóc
44%
Domaszék
44%
Ferencszállás
44%
Kövegy
44%
Magyarcsanád
44%
Nagyér
44%
Nagymágocs
44%
Nagytőke
44%
Öttömös
44%
Pitvaros
44%
Pusztamérges
44%
Ruzsa
44%
Szegvár
44%
Székkutas
44%
Tömörkény
44%
Újszentiván
44%
Üllés
44%
Zákányszék
44%
Zsombó
44%
Csanytelek
33%
Királyhegyes
33%

Score Distribution

Percentile by Number Answered

Percent of People with Each Score

Your Score History

You have not taken this quiz